Encyclopaedia of political science : (Record no. 9848)
[ view plain ]
| 000 -LEADER | |
|---|---|
| fixed length control field | 00532cam a2200181ua 4500 |
| 008 - FIXED-LENGTH DATA ELEMENTS--GENERAL INFORMATION | |
| fixed length control field | 190507n ii |||gr||||Z||||||eng |
| 020 ## - INTERNATIONAL STANDARD BOOK NUMBER | |
| International Standard Book Number | 8171699685 |
| 040 ## - CATALOGING SOURCE | |
| Transcribing agency | MAIN |
| 082 ## - DEWEY DECIMAL CLASSIFICATION NUMBER | |
| Classification number | 320.03 |
| 100 ## - MAIN ENTRY--PERSONAL NAME | |
| Personal name | Archna Chaturvedi, |
| Relator term | |
| 245 ## - TITLE STATEMENT | |
| Title | Encyclopaedia of political science : |
| Remainder of title | Reforming indian political system volume-10 / |
| Statement of responsibility, etc. | By Archna Chaturvedi . |
| 250 ## - EDITION STATEMENT | |
| Edition statement | 1st ed. / |
| Remainder of edition statement | V.X. |
| 260 ## - PUBLICATION, DISTRIBUTION, ETC. | |
| Place of publication, distribution, etc. | New Delhi: |
| Name of publisher, distributor, etc. | Commonwealth publishers, |
| Date of publication, distribution, etc. | 2017. |
| 300 ## - PHYSICAL DESCRIPTION | |
| Extent | 365p. |
| 942 ## - ADDED ENTRY ELEMENTS (KOHA) | |
| Koha item type | Books |
| 653 ## - INDEX TERM--UNCONTROLLED | |
| Uncontrolled term | Political science |
| Withdrawn status | Lost status | Damaged status | Not for loan | Home library | Current library | Shelving location | Date acquired | Total Checkouts | Full call number | Barcode | Date last seen | Copy number | Price effective from | Koha item type |
|---|---|---|---|---|---|---|---|---|---|---|---|---|---|---|
| Central Library, Naharkatiya College | Central Library, Naharkatiya College | General Stacks | 19/09/2020 | 320.03 | CHA | 24917 | 19/09/2020 | 1 | 19/09/2020 | Books |
